000 00586nam a22001817a 4500
003 OSt
005 20251204113746.0
008 251204b |||||||| |||| 00| 0 eng d
020 _a971-92790-1-X.
040 _aDWC-Main lib.
_cOC
082 _aFil. 15 T677s 2003
100 _aTordillo, Jose Arvin S.
245 _aSimplified engineering mathematics/
_cJose Arvin S. Tordillo
260 _aCebu City :
_bDMC Busa printers,
_cc2003.
300 _av, (various paging) ; 22 cm.
_c22 cm.
650 _a1. Engineering mathematics-Problems, exercises, etc.
942 _2ddc
_cBK - FIL
_kFil.
_n0
999 _c6824
_d6824